00858 2200277 4500001002100000005001500021035002000036007000300056008004500059020002200104082001100126084002000137100002800157245006700185300006000252440001700312650003000329700003200359520004700391264003600438336002100474337003000495338002300525990001600548990001600564INLIS00000000116488820241002031734 a0010-1024000033ta241002 b 0 Ind-eng  a978-979-26-9382-9 a2X1.22 aSR 2X1.22 BEN s aBenny Rhamdaniepenulis1 aStory of whale /cBenny Rhamdani ; penerjemah, Adinda Presanti a6 halaman tidak bernomor :bIlustrasi berwarna ;c13 cm aWow, amazing 4aAl Quran -- Cerita-cerita0 aAdinda Presantiepenerjemah aBerisi cerita binatang paus dalam Al Quran aBandung :bPelangi Mizan,c2022 2rdacontentateks 2rdamediaatanpa perantara 2rdacarrieravolume a55110.67930 a55111.67931